|
|
|
|
| LEADER |
00000nab a2200000 a 4500 |
| 001 |
vtls000136918 |
| 003 |
SK-MaSNL |
| 005 |
20260304061817.0 |
| 008 |
250422c1982 xo 0 slo |
| 015 |
|
|
|a SNBRB19rr/mm-uuuuu
|
| 035 |
|
|
|a CL0147024
|
| 035 |
|
|
|a urn:nbn:sk:snk-abbbp5
|
| 035 |
|
|
|a (urnnbn)urn:nbn:sk:snk:ar-000pmv
|
| 035 |
|
|
|a (uuid)83f1a9b5-80bc-4c69-ac7f-574d061ce514
|
| 040 |
|
|
|a SNKBUCL
|b slo
|c SNKBUCL
|e AACR2
|
| 041 |
0 |
|
|a eng
|
| 044 |
|
|
|a xo
|c SK
|
| 080 |
|
|
|a 582.2/.3
|2 1981
|
| 100 |
1 |
|
|a Stollárová, Viera,
|d 1938-
|4 aut
|9 42030
|
| 245 |
1 |
4 |
|a The presence of yeasts and yeast - like microorganisms on cherry fruits (Cerasus avium (L.) Moench)
|c Viera Stollárová
|
| 300 |
|
|
|b Tb. 1. Obr. 1. Res. slov., rus., lit. 10 zázn.
|
| 650 |
0 |
7 |
|a kvasinky
|2 snkbucl
|9 16201
|
| 655 |
|
7 |
|a články z novín a časopisov
|2 snkbucl
|9 267496
|
| 773 |
0 |
|
|t Biológia
|g Roč. 37, č. 11 (1982), s. 1115-1120
|
| 850 |
|
|
|a Slovenská národná knižnica
|
| 852 |
|
|
|a Slovenská národná knižnica
|
| 954 |
|
|
|a odborná, vedecká literatúra pôvodná (slovenská)
|2 lita
|
| 958 |
|
|
|a article15
|
| 958 |
|
|
|a RK
|
| 958 |
|
|
|a OND
|
| 958 |
|
|
|a EUIPO
|
| 992 |
|
|
|a RBX
|
| 999 |
|
|
|c 2735113
|d 2737043
|